[Event "Ch Belgium (team) (2) 2004/05"]
[Site "masterchessopen.com Belgium"]
[Date "2004.10.24"]
[Round "2"]
[White "Gengler Pierre (LUX)"]
[Black "Bus Tom (NED)"]
[Result "1-0"]
[WhiteElo "2193"]
[BlackElo "2186"]

1.e4 c5 2.Nf3 Nc6 3.d4 cxd4 4.Nxd4 Nf6 5.Nc3 d6 6.Bg5 e6 7.Qd2 Be7 8.O-O-O O-O
9.f4 Nxd4 10.Qxd4 a6 11.Kb1 Qc7 12.Bc4 Rd8 13.Bb3 h6 14.Bh4 Nxe4 15.Qxe4 Bxh4
16.f5 Qe7 17.fxe6 fxe6 18.Qg6 d5 19.Rxd5 exd5 20.Nxd5 Rxd5 21.Bxd5+ Kf8 22.Qh7
Qe5 23.Qg8+ Ke7 24.Qf7+ Kd6 25.Rd1 Kc5 26.Qf8+ Qe7 27.Qf4 Bf6 28.Qf2+ Kb5
29.Rd3 Qc7 30.Rb3+ Ka4 31.a3 a5 32.Rb6 {#r} 1-0

[Event "Memorial M.Chigorin (open)"]
[Site "masterchessopen.com St. Petersburg (Russia)"]
[Date "2004.10.24"]
[Round "9"]
[White "Ziatdinov Raset (USA)"]
[Black "Shakenov Erzhan (KAZ)"]
[Result "1-0"]
[WhiteElo "2464"]
[BlackElo "2314"]

1.e4 c5 2.Nf3 d6 3.d4 Nf6 4.Nc3 cxd4 5.Nxd4 Nc6 6.Bg5 e6 7.Qd2 Be7 8.O-O-O O-O
9.f4 Nxd4 10.Qxd4 Qa5 11.Bc4 Bd7 12.Rhe1 e5 13.Qd3 exf4 14.e5 Nd5 15.Bxe7 Nxe7
16.Qxd6 Bg4 17.Qxe7 Bxd1 18.Rxd1 Qb6 19.Nd5 Qh6 20.Nc7 Rac8 21.e6 f3+ 22.Kb1
f5 23.Qd7 {#r} 1-0

[Event "It (open)"]
[Site "masterchessopen.com Le Touquet (France)"]
[Date "2004.10.28"]
[Round "5"]
[White "Klein Felix (GER)"]
[Black "Bernard Christophe (FRA)"]
[Result "1-0"]
[WhiteElo "2125"]
[BlackElo "1694"]

1.e4 c5 2.Nf3 d6 3.d4 cxd4 4.Nxd4 Nf6 5.Nc3 Nc6 6.Bg5 e6 7.Qd2 Be7 8.O-O-O O-O
9.f4 Nxd4 10.Qxd4 Qa5 11.h4 Bd7 12.Kb1 Rfc8 13.Qd2 Qc7 14.e5 dxe5 15.Bxf6 {#r}
1-0

[Event "Ch World (juniors) (under 12)"]
[Site "masterchessopen.com Heraklio (Greece)"]
[Date "2004.11.08"]
[Round "6"]
[White "Kanmazalp Ogulcan (TUR)"]
[Black "Bregadze Levan (GEO)"]
[Result "0-1"]
[WhiteElo "2213"]
[BlackElo "2040"]

1.e4 c5 2.Nf3 d6 3.d4 cxd4 4.Nxd4 Nf6 5.Nc3 Nc6 6.Bg5 e6 7.Qd2 Be7 8.O-O-O O-O
9.f4 Nxd4 10.Qxd4 Qa5 11.Bc4 Bd7 12.e5 dxe5 13.fxe5 Bc6 14.Bd2 Nd7 15.Nd5 Qd8
16.Nxe7+ Qxe7 17.Rhe1 Nb6 18.Bf1 Rfd8 19.Qg4 Qc5 20.Bh6 Rxd1+ 21.Kxd1 Qf8
22.Kc1 Rc8 23.Kb1 Bd5 24.Bd3 Nc4 25.b3 b5 26.Re2 f5 27.Qg3 Kh8 28.Bc1 Qb4
29.Qe1 Qc5 30.Qf2 Qb4 31.Qe1 Qe7 32.g3 Qc7 33.Qb4 Rb8 34.Bxc4 bxc4 35.Qd6 Qc8
36.Re3 a5 37.Bb2 Qb7 38.Qa3 Qb6 39.Re1 h6 40.Qa4 Qc5 41.Ba3 Qd4 42.Qxa5 Ra8
43.Qb4 Qa7 44.Bb2 Qxa2+ 45.Kc1 cxb3 46.cxb3 Rc8+ 47.Bc3 Bxb3 {#R} 0-1

[Event "Cup Russia \"]
[Site "masterchessopen.com Internet"]
[Date "2004.11.25"]
[Round "0"]
[White "Shomoev Anton (RUS)"]
[Black "Kosintseva Nadezhda (RUS)"]
[Result "0-1"]
[WhiteElo "2486"]
[BlackElo "2446"]

1.e4 c5 2.Nf3 Nc6 3.d4 cxd4 4.Nxd4 Nf6 5.Nc3 d6 6.Bg5 e6 7.Qd2 Be7 8.O-O-O O-O
9.f4 Nxd4 10.Qxd4 Qa5 11.Bc4 Bd7 12.e5 dxe5 13.fxe5 Bc6 14.Bd2 Nd7 15.Nd5 Qd8
16.Nxe7+ Qxe7 17.Rhe1 Nb6 18.Bd3 Rfd8 19.Qg4 Rxd3 20.cxd3 Ba4 21.Bh6 f5
22.exf6 Qxf6 23.Rxe6 Rc8+ 24.Kb1 Bc2+ 25.Ka1 Bxd1 26.Qe4 gxh6 27.a3 Bb3
28.Qg4+ Kh8 29.Re1 Rf8 30.Qe2 Nd5 31.Qd2 Rd8 32.d4 Nb6 33.Qd3 Bc4 34.Qf3 Qxf3
35.gxf3 Rxd4 {#R} 0-1

[Event "It (cat.2)"]
[Site "masterchessopen.com Santiago (Chile)"]
[Date "2005.01.06"]
[Round "6"]
[White "Vasquez Rodrigo (CHI)"]
[Black "Sepulveda Jorge (CHI)"]
[Result "1-0"]
[WhiteElo "2506"]
[BlackElo "2241"]

1.e4 c5 2.Nf3 Nc6 3.d4 cxd4 4.Nxd4 Nf6 5.Nc3 d6 6.Bg5 e6 7.Qd2 Be7 8.O-O-O
Nxd4 9.Qxd4 O-O 10.f4 Qa5 11.Bc4 Bd7 12.e5 dxe5 13.fxe5 Bc6 14.Bd2 Nd7 15.Nd5
Qd8 16.Nxe7+ Qxe7 17.Rhe1 Rfd8 18.Qg4 Nf8 19.Bd3 Rxd3 20.cxd3 Qd7 21.Bb4 Qd5
22.Bxf8 Rxf8 23.b3 Bb5 24.Kb2 Rc8 25.Qe4 Qd7 26.g3 h6 27.Rc1 Bc6 28.Qe3 a5
29.Red1 Rd8 30.Rc5 a4 31.b4 a3+ 32.Ka1 b6 33.Rc3 Ba4 34.Rdc1 Qd4 35.Qxd4 Rxd4
36.Rxa3 b5 37.Rxa4 {#r} 1-0

[Event "It (open) \"]
[Site "masterchessopen.com Moscow (Russia)"]
[Date "2005.02.23"]
[Round "9"]
[White "Iordachescu Viorel (MDA)"]
[Black "Lugovoi Aleksei (RUS)"]
[Result "1-0"]
[WhiteElo "2583"]
[BlackElo "2547"]

{ Iordachescu Viorel (MDA) +3 =0 -0 Lugovoi Aleksei (RUS) +1 =4 -3 } 1.e4 c5
2.Nf3 d6 3.d4 cxd4 4.Nxd4 Nf6 5.Nc3 Nc6 6.Bg5 e6 7.Qd2 Be7 8.O-O-O O-O 9.f4
Nxd4 10.Qxd4 Qa5 ( 10...a6 11.Be2 Qc7 12.e5 dxe5 13.Qxe5 Qxe5 14.fxe5 Nd5
15.Bxe7 Nxe7 16.Bf3 Rb8 17.Rhe1 b5 18.Ne4 Ng6 19.Nc5 b4 20.Rd6 Rb5 21.Rc6 a5
22.Rc7 Rb6 23.g3 f6 24.exf6 gxf6 25.Be4 f5 26.Bg2 Rd6 27.h4 Re8 28.Bc6 Rf8
29.h5 Nh8 30.Bd7 { ...1-0, Greenfeld Alon 2535 - Lugovoi Aleksei 2525 ,
Beer-Sheva 1998 Match "St.Peterburg-Beer-Sheva" } ) 11.Bc4 ( 11.Kb1 Rd8 12.Qd2
Bd7 13.Qe1 h6 14.Bh4 Qc5 15.Bd3 Bc6 16.Bf2 Qa5 17.Rg1 Qc7 18.g4 d5 19.e5 Ne4
20.Bd4 Bc5 21.Bxe4 Bxd4 22.Bh7+ Kxh7 23.Rxd4 Qb6 24.Qd2 Be8 25.f5 Rac8 26.Rg3
Rc4 27.Ne2 Rdc8 28.c3 Qa6 29.b3 Rxd4 30.Nxd4 Qf1+ { ...1-0, Iordachescu Viorel
2550 - Van Der Weide Karel 2388 , Cappelle la Grande 2002 It (open) } )
11...Bd7 12.e5 dxe5 13.fxe5 Bc6 14.Bd2 Nd7 15.Nd5 Qd8 16.Nxe7+ Qxe7 17.Rhe1
Rfd8 18.Qg4 Nf8 { ?/= } 19.h4 ( 19.Bd3 Rxd3 20.cxd3 Qd7 21.Bb4 Ng6 22.Bd6 f5
23.Qg5 Bd5 24.b3 Qc6+ 25.Kb2 Qb6 26.g3 Qd4+ 27.Kb1 Rc8 28.Qe3 Qxe3 29.Rxe3 f4
30.gxf4 Nxf4 31.Rf1 Ng6 32.Rc1 Rxc1+ 33.Kxc1 Nh4 34.Re2 g5 35.Kd2 Kg7 36.Rf2
Nf5 37.Bc7 Kg6 38.Bd8 h6 { ...1/2-1/2, Svidler Peter 2710 - Anand Viswanathan
2795 , Linares 1998 It (cat.21) } ) 19...Qc5 ( 19...Ng6 20.h5 Qh4 21.Bxe6 fxe6
22.Qxe6+ Kh8 23.hxg6 Bxg2 24.Re3 Qf2 25.Rc3 Be4 26.Rh3 h6 27.Qf7 Qxf7 28.gxf7
Bd5 29.Ba5 b6 30.Rhd3 { 1-0, Kobalia Mikhail 2621 - Balogh Csaba 2527 ,
Internet 16. 3.2003 Dos Hermanas Qualifier (16-A) } ) 20.Bc3 ( 20.Bb3 Ng6
21.Qg3 a5 22.h5 Ne7 23.Be3 Rxd1+ 24.Rxd1 Nf5 25.Qxg7+ Nxg7 26.Bxc5 Nxh5 27.c4
Rc8 28.Be3 Ng3 29.Kd2 h5 30.Bb6 a4 31.Bc2 h4 32.Rg1 Kg7 33.Ke3 { 1/2-1/2,
Smirin Ilia 2673 - Wells Peter K 2504 , Port Erin 29. 9.2004 It (open) } ) (
20.Bf1 Qf2 21.Qf4 Qxf4 22.Bxf4 Ng6 23.Bg3 Ne7 24.Rxd8+ Rxd8 25.Rd1 Rxd1+
26.Kxd1 a6 27.Kd2 Kf8 28.c4 Ke8 29.Kc3 Kd7 30.Bf2 Ng6 31.Kd4 f6 32.exf6 gxf6
33.b4 Kd6 34.b5 axb5 35.cxb5 Bd5 36.a4 e5+ 37.Kc3 f5 38.g3 Bf3 39.a5 Ne7 {
...1-0, Anka Emil 2380 - Feher Gyula 2410 , Budapest 1994 It (cat.8) } )
20...Bd5 { N } ( 20...Qf2 21.Rd6 Qxg2 22.Qd4 Rdc8 23.Bd2 Ng6 24.h5 Ne7 25.Bd3
Qh3 26.h6 Nf5 27.Bxf5 Qxf5 28.c3 a5 29.Qg1 g6 30.Rd4 Rd8 31.Rf4 Qd3 32.Qf2 Qd7
33.Rf1 f5 34.exf6 Kf7 35.Re1 b5 { 1/2-1/2, Almasi Zoltan 2580 - Leko Peter
2555 , Hungary 1993 Ch Hungary } ) ( 20...Rxd1+ 21.Rxd1 { -0.33 CAP } 21...Qf2
22.Rf1 Qe3+ 23.Kb1 Rd8 24.a3 b5 25.Bb3 Rd7 26.Bb4 Bd5 27.Bxf8 Kxf8 28.Qb4+ Ke8
29.Qxb5 Bxb3 30.Qb8+ Ke7 31.Qb4+ Ke8 32.Qb8+ Rd8 33.Qb5+ Rd7 { 1/2-1/2,
Gallardo Eduardo 2095 - Valenzuela Fuentealba Luis 2305 , South America 1996
Ch Pan-American } ) ( 20...h5 21.Qe2 Bxg2 22.Rxd8 Rxd8 23.Bd3 Bh3 24.Qxh5 f5
25.Qf3 Bg4 26.Qxb7 Qf2 27.b3 Rxd3 28.cxd3 Qxa2 29.Qb8 a5 30.Bd4 Qa3+ 31.Kc2 a4
32.Ra1 axb3+ 33.Kd2 Qe7 34.Ra7 Qxh4 35.Bc5 Qg5+ 36.Kc3 b2 37.Qxf8+ Kh7 38.Be3
{ 1-0, Sherzer Alex 2460 - Rachels Stuart 2485 , Durango 1992 Ch USA } )
21.Bd3 { ?? +0.18 CAP } ( { ? } 21.Bxd5 exd5 22.e6 Nxe6 23.Rxe6 { } ) 21...a5
{ ? } ( { ? } 21...Bxa2 22.h5 Rac8 23.h6 g6 { } ) 22.h5 b5 { ?! } ( 22...Bxa2
{ !? } 23.h6 g6 24.Qf4 Nd7 { } ) 23.Bd4 Qc6 { ?! } ( 23...Qe7 { !? } 24.Kb1
Qb4 25.h6 Ng6 { } ) 24.h6 { ?! } ( 24.Be3 { !? } 24...a4 25.Bh6 Ng6 26.hxg6 {
} ) 24...Ng6 25.hxg7 Bxg2 26.Bxb5 Qxb5 27.Qxg2 Rac8 28.Qf2 { ?! } ( 28.Rh1 {
!? } 28...Qa4 29.Qh2 Rxc2+ 30.Qxc2 { } ) 28...a4 { ?! } ( 28...Ne7 { !? }
29.Rh1 Nf5 30.Qh2 h6 { } ) 29.a3 { ?! } ( 29.Rh1 { !? } 29...Qc6 30.Rdf1 Qxc2+
31.Qxc2 { } ) 29...Rc4 { ?! } ( 29...Qc4 { !? } 30.Kb1 Ne7 31.Rh1 Nf5 { } )
30.Rh1 Rdc8 { ?! } ( 30...Rd7 { !? } 31.Qh2 Kxg7 32.Qxh7+ Kf8 { } ) 31.c3 Qb3
32.Rdf1 R4c7 33.Qh2 h5 34.Qxh5 Rxc3+ 35.Kb1 Rc1+ 36.Rxc1 Qd3+ 37.Ka2 { } {#r}
1-0

[Event "Cup President"]
[Site "masterchessopen.com Baku (Azerbaijan)"]
[Date "2005.05.03"]
[Round "3"]
[White "Babaev Rashad (AZE)"]
[Black "Guseynov Ruslan (RUS)"]
[Result "0-1"]
[WhiteElo "2432"]
[BlackElo "2249"]

1.e4 c5 2.Nf3 d6 3.d4 cxd4 4.Nxd4 Nf6 5.Nc3 Nc6 6.Bg5 e6 7.Qd2 Be7 8.O-O-O O-O
9.f4 Nxd4 10.Qxd4 Qa5 11.Bc4 b5 12.Bxb5 Rb8 13.Qa4 Qb6 14.e5 dxe5 15.fxe5 Nd5
16.Bxe7 Nxe7 17.Qd4 Qb7 18.b3 Qxg2 19.Rhg1 Qh3 20.Qc5 Ng6 21.Kb2 Bb7 22.Qxa7
Qxh2 23.Rde1 Rfc8 24.Qe3 Rc7 25.Re2 Qh4 26.Bd3 Nf4 27.Rd2 Rxc3 28.Bxh7+ Qxh7
29.Qxc3 Bd5 30.Qg3 Qg6 31.Qe1 Qf5 32.Qe3 Ng6 33.Rg5 Qf1 34.Rg1 Qa6 35.Rg4 Qa5
36.c4 Bc6 37.Qc3 Qxe5 38.Qxe5 Nxe5 39.Rgd4 Kh7 40.Re2 f6 41.Kc3 g5 42.Rd6 Bf3
43.Re3 Re8 44.c5 g4 45.c6 g3 46.Kd2 g2 47.Re1 Bxc6 48.Ke3 Bd5 49.Rg1 Rg8 {#R}
0-1

[Event "Cup President"]
[Site "masterchessopen.com Baku (Azerbaijan)"]
[Date "2005.05.03"]
[Round "3"]
[White "Guseynov Ruslan (RUS)"]
[Black "Babaev Rashad (AZE)"]
[Result "1-0"]
[WhiteElo "2249"]
[BlackElo "2432"]

1.e4 c5 2.Nf3 d6 3.d4 cxd4 4.Nxd4 Nf6 5.Nc3 Nc6 6.Bg5 e6 7.Qd2 Be7 8.O-O-O O-O
9.f4 Nxd4 10.Qxd4 Qa5 11.Bc4 Bd7 12.e5 dxe5 13.Qxe5 Qb4 14.Rd4 Bc5 15.Rhd1 Ng4
16.Qe2 Ne3 17.a3 Nxd1 18.axb4 Bxd4 19.Qxd1 Be3+ 20.Kb1 Bc6 21.b5 {#r} 1-0

[Event "Tournament (Elo) (a)"]
[Site "masterchessopen.com Budapest (Hungary)"]
[Date "2005.06.04"]
[Round "1"]
[White "Kafka Graeme (SCO)"]
[Black "Szilardfy Gyula (HUN)"]
[Result "0-1"]
[WhiteElo "2135"]
[BlackElo "2092"]

1.e4 c5 2.Nf3 Nc6 3.d4 cxd4 4.Nxd4 Nf6 5.Nc3 d6 6.Bg5 e6 7.Qd2 Be7 8.O-O-O O-O
9.f4 Nxd4 10.Qxd4 Qa5 11.Be2 h6 12.Bh4 e5 13.Qf2 exf4 14.Bxf6 Bxf6 15.Rd5 Qd8
16.Nb5 Be6 17.Rxd6 Qa5 18.a3 a6 19.Rxe6 fxe6 20.Nd4 Qc5 21.Rd1 Rac8 22.Bg4 Rc6
23.b4 Bxd4 24.Rxd4 Qg5 25.Qf3 Rfc8 26.Kb1 Qe5 27.Qd3 Qg5 28.Qd1 Kh7 29.c4 Qe5
30.Qd3 h5 31.Bf3 R6c7 32.Be2 Kh6 33.Qd2 g5 34.Ka2 Rf8 35.h3 Rg7 36.Qd1 g4
37.hxg4 hxg4 38.Bxg4 Rxg4 39.Qxg4 Qxd4 40.Qxe6+ Rf6 41.Qh3+ Kg7 42.Qc8 Qxe4
43.Qg4+ Kf7 44.Qd7+ Qe7 45.Qd5+ Kf8 {#R} 0-1

[Event "Tournament (Elo) (a)"]
[Site "masterchessopen.com Budapest (Hungary)"]
[Date "2005.06.06"]
[Round "3"]
[White "Salman Mahini Mona (IRI)"]
[Black "Szilardfy Gyula (HUN)"]
[Result "1-0"]
[WhiteElo "2136"]
[BlackElo "2092"]

1.e4 c5 2.Nf3 Nc6 3.d4 cxd4 4.Nxd4 Nf6 5.Nc3 d6 6.Bg5 e6 7.Qd2 Be7 8.O-O-O O-O
9.f4 Nxd4 10.Qxd4 Qa5 11.Kb1 h6 12.h4 Rd8 13.Be2 e5 14.Qd3 exf4 15.Bxf4 Be6
16.Nd5 Bxd5 17.exd5 Rac8 18.g4 Rc5 19.Bf3 Qa4 20.Be3 Ra5 21.Qb3 Nxg4 22.Bxg4
Qxg4 23.Rhg1 Qa4 24.Bxh6 Bf6 25.Bg5 Bxg5 26.Rxg5 f6 27.Rg6 Qxb3 28.axb3 Re8
29.c4 Kh7 30.Rdg1 b5 31.Rxg7+ Kh8 32.R7g6 Kh7 33.Rxf6 bxc4 34.bxc4 Re4 35.Rxd6
Rxc4 36.Re1 Rc7 37.Rc6 Rg7 38.Rd1 Rb5 39.d6 Rbb7 40.Rdc1 Rbd7 41.R1c5 Kh6
42.Rd5 Rgf7 43.Rcc5 Kg7 44.Rg5+ Kh6 45.Rh5+ Kg7 46.Rcg5+ {#r} 1-0

[Event "Ch Iran (team)"]
[Site "masterchessopen.com Teheran (Iran)"]
[Date "2005.06.09"]
[Round "3"]
[White "Melkumyan Hrant (ARM)"]
[Black "Babaev Rashad (AZE)"]
[Result "1-0"]
[WhiteElo "2362"]
[BlackElo "2432"]

1.e4 c5 2.Nf3 d6 3.d4 cxd4 4.Nxd4 Nf6 5.Nc3 Nc6 6.Bg5 e6 7.Qd2 Be7 8.O-O-O O-O
9.f4 Nxd4 10.Qxd4 Qa5 11.e5 dxe5 12.Qxe5 Qb6 13.Na4 Qc6 14.Bb5 Ng4 15.Bxc6
Nxe5 16.Bxe7 Nxc6 17.Bxf8 Kxf8 18.Nc5 Ke7 19.Rhe1 b6 20.Ne4 Ba6 21.a3 h5
22.Rd6 Rc8 23.Red1 Rc7 24.b3 Na5 25.Kb2 Bb7 26.R6d4 h4 27.R1d2 b5 28.Nd6 Bc6
29.Re2 Kf6 30.Re5 Re7 31.g4 hxg3 32.hxg3 a6 33.g4 Ra7 34.b4 Nc4+ 35.Nxc4 bxc4
36.Rxc4 Bf3 37.g5+ Kg6 38.Rd4 Bg4 39.c4 {#r} 1-0

[Event "Tournament \"]
[Site "masterchessopen.com Internet"]
[Date "2005.06.25"]
[Round "2"]
[White "Wang Shuo (CHN)"]
[Black "Bakre Tejas (IND)"]
[Result "1-0"]
[WhiteElo "2228"]
[BlackElo "2484"]

1.e4 c5 2.Nf3 d6 3.d4 cxd4 4.Nxd4 Nf6 5.Nc3 Nc6 6.Bg5 e6 7.Qd2 Be7 8.O-O-O O-O
9.f4 Nxd4 10.Qxd4 Qa5 11.Bc4 Bd7 12.Bxf6 Bxf6 13.e5 Be7 14.exd6 Bf6 15.Qd3
Bxc3 16.Qxc3 Qxc3 17.bxc3 Rac8 18.Bb3 Rxc3 19.f5 a5 20.a4 Rfc8 21.Kb2 Re3
22.Rhe1 Rcc3 23.fxe6 fxe6 24.Rf1 h6 25.Rf4 Rc6 26.Bc4 Rb6+ 27.Bb5 Bxb5 28.axb5
Rxb5+ 29.Ka2 Ree5 30.d7 Red5 31.d8=R+ {#r} 1-0

[Event "It (cat.8)"]
[Site "masterchessopen.com Brno (Czech Republic)"]
[Date "2005.07.04"]
[Round "5"]
[White "Laznicka Viktor (CZE)"]
[Black "Slaby Jerzy (POL)"]
[Result "0-1"]
[WhiteElo "2517"]
[BlackElo "2441"]

{ } 1.e4 c5 2.Nf3 d6 3.d4 cxd4 4.Nxd4 Nf6 5.Nc3 Nc6 6.Bg5 e6 7.Qd2 Be7 8.O-O-O
O-O 9.f4 Nxd4 10.Qxd4 Qa5 11.Bc4 Bd7 12.Bb3 ( 12.Bxf6 gxf6 13.e5 fxe5 14.fxe5
d5 15.Qg4+ Kh8 16.Bxd5 Rfd8 { +0.44 CAP } ) 12...Bc6 13.Rhf1 ( 13.Rhe1 Rfe8
14.e5 dxe5 15.Qxe5 Qxe5 16.fxe5 Nd7 17.Bxe7 Rxe7 18.g3 Rc8 19.Re3 Nf8 20.Ne2
Rec7 21.Nd4 Bd7 22.c3 Ng6 23.h4 Rc5 24.Rde1 Ne7 25.Rd1 Ng6 26.Rde1 Ne7 27.Rd1
Ng6 { 1/2-1/2, Polgar Judit 2656 - Anand Viswanathan 2762 , Wijk aan Zee 2000
It (cat.18) } ) 13...h6 { = } 14.Bh4 Qh5 15.Bg3 { +0.00 CAP } 15...b5 { N } (
15...d5 16.e5 ( 16.exd5 Rfd8 17.Qe5 Qxe5 18.fxe5 Nxd5 19.Nxd5 Bxd5 20.Bxd5
Rxd5 21.Rxd5 exd5 22.Kd2 Kf8 23.Kd3 Bc5 24.e6 f6 25.Rf5 Rd8 26.Bc7 Rc8 27.Bg3
Rd8 28.Bc7 Rc8 29.Bg3 Rd8 { 1/2-1/2, Aleksic Nenad_ 2445 - Aleksieva Silvia
2335 , Porto San Giorgio 1998 It (open) } ) 16...Ne4 17.Nxe4 dxe4 18.Qg1 a5
19.a3 b5 20.Bf2 a4 21.Ba2 b4 22.g4 Qh3 23.Rde1 Bb5 24.axb4 a3 25.Be3 axb2+
26.Kb1 Bxb4 27.c4 Bxe1 28.Rxe1 Ba6 29.g5 hxg5 30.fxg5 g6 31.Rf1 Rfb8 32.Qf2
Rb7 33.Qe2 Bxc4 34.Qxc4 Qxe3 { 0-1, Kudrin Sergey 2510 - Whitehead Jay E 2325
, Greenville 1983 Ch USA } ) ( 15...Qc5 16.Qd3 d5 17.exd5 exd5 18.Bf2 Qa5
19.g4 Rad8 20.Bd4 Ne4 21.Kb1 Bc5 22.Bxc5 Nxc5 23.Qd4 Rfe8 24.f5 Ne4 25.Nxd5
Bxd5 26.Bxd5 Nf6 27.c4 Nxd5 28.cxd5 Re2 29.f6 g6 30.d6 Qb5 31.Qc3 Rxh2 32.Rfe1
Re2 33.Rxe2 Qxe2 34.Qd4 Rd7 35.a3 { ...1/2-1/2, Iglesias Jorge 2255 - Dos
Santos Ramiro 2345 , Argentina 1997 Ch Argentina (under 26) } ) ( 15...Rad8
16.f5 e5 17.Qd3 Nd7 18.Bd5 { 1/2-1/2, Butze Roland - Anikaev V, corr. 1975
Europe Tournament (corr.) } ) 16.f5 e5 17.Qd3 Rac8 18.Kb1 a5 19.Nd5 Bxd5
20.Bxd5 Nxd5 21.Qxd5 Rc5 22.Qd3 Rfc8 23.Rd2 b4 24.Bf2 Rc4 25.h3 f6 { ?! } (
25...a4 { !? } 26.g4 Qg5 27.Be3 Qh4 { } ) 26.g4 Qe8 27.Rfd1 Qc6 28.Re2 Kh7
29.h4 { ? } ( { ? } 29.Rdd2 a4 30.Qd5 Qc7 31.Qb5 { } ) 29...a4 30.Rdd2 b3
31.a3 d5 32.exd5 { ?! } ( 32.Qxd5 { !? } ) 32...Qb7 33.c3 Bxa3 34.d6 Bxb2
35.Qd5 Qxd5 36.Rxd5 Bxc3 37.d7 Ra8 38.d8=Q Rxd8 39.Rxd8 a3 40.Rd3 a2+ 41.Rxa2
bxa2+ 42.Kxa2 Ba5 43.g5 hxg5 44.hxg5 Rc2+ { } {#R} 0-1

[Event "It (open) (a)"]
[Site "masterchessopen.com Pardubice (Czech Republic)"]
[Date "2005.07.23"]
[Round "2"]
[White "Abel Dennes (GER)"]
[Black "Shirjaev Alexandr (RUS)"]
[Result "0-1"]
[WhiteElo "2185"]
[BlackElo "2289"]

1.e4 c5 2.Nf3 Nc6 3.d4 cxd4 4.Nxd4 Nf6 5.Nc3 d6 6.Bg5 e6 7.Qd2 Be7 8.O-O-O O-O
9.f4 Nxd4 10.Qxd4 Qa5 11.Be2 Bd7 12.e5 dxe5 13.fxe5 Bc6 14.Bd3 Rfd8 15.Qh4
Qxe5 16.Rhe1 Qc5 17.Bxh7+ Nxh7 18.Bxe7 Rxd1+ 19.Kxd1 Qf5 20.Qg3 Re8 21.Bd6 Nf6
22.Kc1 Rc8 23.Be5 Nh5 24.Qe3 Bxg2 25.Qxa7 f6 26.Bd6 e5 27.Qe3 Nf4 28.Qg3 Bf1
29.Qe3 Ng2 {#R} 0-1

[Event "It \"]
[Site "masterchessopen.com Hengelo (Netherlands)"]
[Round "9"]
[White "Spoelman Wouter (NED)"]
[Black "Bitalzadeh Ali (NED)"]
[Result "1-0"]
[WhiteElo "2362"]
[BlackElo "2267"]

1.e4 c5 2.Nf3 d6 3.d4 cxd4 4.Nxd4 Nf6 5.Nc3 Nc6 6.Bg5 e6 7.Qd2 Be7 8.O-O-O
Nxd4 9.Qxd4 O-O 10.f4 Qa5 11.Bc4 Bd7 12.e5 dxe5 13.fxe5 Bc6 14.Bd2 Nd7 15.Nd5
Qc5 16.Nxe7+ Qxe7 17.Rhe1 Rfd8 18.Qg4 Nf8 19.Bd3 Rd5 20.Bb4 Qd8 21.Qg3 Rc8
22.c4 Rd7 23.Bd6 Ng6 24.Bxg6 hxg6 25.Kb1 Qb6 26.Rd3 Rcd8 27.Ka1 a5 28.h4 Qa6
29.Rd4 a4 30.a3 Qb6 31.Red1 Qb3 32.Qf2 Qb6 33.h5 gxh5 34.Qh4 g6 35.R1d2 Qb3
36.R4d3 Qb6 37.Rd4 Qb3 38.Qg5 b5 39.c5 Kh7 40.Rb4 {#r} 1-0

[Event "Ch Europe (team)"]
[Site "masterchessopen.com Goteborg (Sweden)"]
[Date "2005.08.02"]
[Round "4"]
[White "Solak Dragan (SRB)"]
[Black "Wells Peter K (ENG)"]
[Result "1-0"]
[WhiteElo "2568"]
[BlackElo "2513"]

{ Solak Dragan (SCG) +0 =1 -1 Wells Peter K (ENG) +0 =10 -2 } 1.e4 c5 2.Nf3
Nc6 3.d4 cxd4 4.Nxd4 Nf6 5.Nc3 d6 6.Bg5 e6 7.Qd2 Be7 8.O-O-O O-O 9.f4 Nxd4
10.Qxd4 Qa5 11.Kb1 ( 11.e5 dxe5 12.Qxe5 Qxe5 13.fxe5 Nd5 14.Bxe7 Nxe7 15.Bd3
b6 16.Rhe1 Bb7 17.Bxh7+ Kxh7 18.Rd7 Bxg2 19.Rxe7 a5 20.Rg1 Bc6 21.Rf1 Kg6
22.Rg1+ Kh6 23.Rf1 Kg6 24.Rg1+ Kh6 25.Rf1 { 1/2-1/2, Solak Dragan 2490 -
Sherbakov Ruslan 2558 , Belgrade 2000 It (cat.11) } ) 11...h6 12.h4 { = }
12...Rd8 ( 12...e5 13.Qd3 exf4 14.Bxf4 Be6 15.Nd5 Nxd5 16.exd5 Bg4 17.Be2 Bxe2
18.Qxe2 Rfe8 19.Qg4 Qa4 20.b3 Qb4 21.Qg3 h5 22.c4 b5 23.Bd2 Qc5 24.Bc3 Bf8
25.Bd4 Qa3 26.Bb2 Qa6 27.cxb5 Qxb5 28.Rhf1 Qe2 29.Rfe1 Qg4 30.Qxg4 hxg4 31.Bd4
a6 32.Kc2 { ...1/2-1/2, Shirov Alexei 2740 - Kamsky Gata 2695 , Buenos Aires
1994 Tournament (thematic) } ) 13.Bd3 ( 13.Be2 Bd7 14.Qe3 ( 14.e5 dxe5 15.fxe5
Bc6 16.Qf4 hxg5 17.hxg5 { -0.18 CAP } ) 14...Rac8 15.Rd3 Qc5 16.Qxc5 Rxc5
17.e5 Bc6 18.exf6 gxf6 19.Bxh6 Kh7 20.Bg5 Kg7 21.Rg3 fxg5 22.hxg5 Rh8 23.Rxh8
Kxh8 24.b4 Rf5 25.Rh3+ Kg8 26.g3 a5 27.Bd3 axb4 28.Bxf5 bxc3 29.Bh7+ Kg7
30.Bd3 Kg8 31.g6 Bf6 32.g4 d5 { ...1-0, Stripunsky Alexander 2520 - Hracek
Zbynek 2615 , New York 1998 It (open) } ) 13...Bd7 ( 13...e5 14.Qe3 exf4
15.Bxf4 Be6 16.Nd5 Nxd5 17.exd5 Bxd5 18.Qxe7 Qxa2+ 19.Kc1 Qa1+ 20.Kd2 Qa5+
21.c3 Be6 22.h5 b5 23.Bxh6 gxh6 24.Rh3 Bxh3 25.gxh3 Qb6 26.Bh7+ Kh8 27.Qf6+ {
1-0, Nataf Igor-Alexandre 2545 - Stefansson Hannes 2569 , Habana 2002 Memorial
J.Capablanca (a) (cat.13) } ) ( 13...Kf8 14.Qe3 Qb6 15.Qf3 Bd7 16.e5 hxg5
17.hxg5 Ng8 18.Rh8 dxe5 19.Bh7 Ke8 20.g6 Bf6 21.fxe5 Ke7 22.Ne4 fxg6 23.Bxg8 {
1-0, Smirnov Pavel 2487 - Sherbakov Ruslan 2558 , Samara 2000 Ch Russia } ) (
13...hxg5 { -1.38 CAP } ) 14.e5 ( 14.Qe3 Bc6 15.e5 dxe5 16.fxe5 Ng4 17.Qf4
hxg5 18.hxg5 Qxe5 19.Bh7+ Kf8 20.Bg6 Rxd1+ 21.Nxd1 Ke8 22.Bxf7+ Kd7 23.Qxg4
Qxg5 24.Bxe6+ { 1/2-1/2, Acs Peter 2521 - Wells Peter K 2504 , Calvia
23.10.2004 Olympiad } ) 14...dxe5 15.fxe5 Bc6 16.Qf4 ( 16.Qe3 Rxd3 17.Rxd3
hxg5 18.hxg5 Bxg2 19.gxf6 Bxh1 20.Qg1 { 1-0, Shirov Alexei 2720 - Anand
Viswanathan 2795 , Monaco 1998 It "Melody Amber" (active) } ) 16...Nh5 (
16...Qb4 17.Qh2 Nd7 18.Rhf1 { +0.22 CAP } ) 17.Qg4 Rxd3 18.cxd3 ( 18.Rxd3 hxg5
19.Qxh5 gxh4 20.Rd4 g6 21.Rg4 Qc5 22.Rf1 Bf6 23.Rxg6+ fxg6 24.Qxg6+ Bg7 {
1/2-1/2, Shirov Alexei 2700 - Anand Viswanathan 2765 , Monte Carlo 1997 It
"Melody Amber" (active) } ) 18...hxg5 19.Qxh5 g6 20.Qe2 gxh4 21.d4 Rd8 22.Rh3
{ +1.17 CAP } 22...Qb4 { N } ( 22...Rd7 23.g3 Qb6 24.Qf2 hxg3 25.Qxg3 Bf8
26.Qh4 Bg7 27.Rd2 Qd8 28.Qf4 g5 29.Qe3 f6 30.Rh5 fxe5 31.Rxg5 exd4 32.Qxe6+
Rf7 33.Rf5 Qd7 34.Qxf7+ Qxf7 35.Rxf7 Kxf7 36.Ne2 Be4+ 37.Ka1 d3 38.Nc1 Bh6
39.Rd1 d2 40.Nb3 Bf3 { 1/2-1/2, Nataf Igor-Alexandre 2565 - Bluvshtein Mark
2502 , Kapuskasing 12. 7.2004 It (open) } ) 23.Qg4 Kg7 24.g3 hxg3 { ?! } (
24...f5 { !? } 25.exf6+ Bxf6 26.Rxh4 Qc4 { } ) 25.Qf4 g5 26.Rxg3 Rh8 { ?! } (
26...Kf8 { !? } 27.Qg4 Ke8 28.Rh3 Ba4 { } ) 27.Rf1 Be8 28.Ne4 Kf8 29.Nxg5 Bxg5
30.Rxg5 Rh3 31.Rfg1 Rd3 32.Qf6 { } {#r} 1-0

[Event "Memorial Stepanov (open)"]
[Site "masterchessopen.com Sochi (Russia)"]
[Round "3"]
[White "Lastin Alexander (RUS)"]
[Black "Zakharov Alexander (RUS)"]
[Result "1-0"]
[WhiteElo "2585"]
[BlackElo "2414"]

1.e4 c5 2.Nf3 d6 3.d4 cxd4 4.Nxd4 Nf6 5.Nc3 Nc6 6.Bg5 e6 7.Qd2 Be7 8.O-O-O O-O
9.f4 Nxd4 10.Qxd4 Qa5 11.Kb1 Rd8 12.Bd3 h6 13.h4 e5 14.Qe3 exf4 15.Bxf4 Be6
16.Nd5 Bxd5 17.exd5 Re8 18.c4 b5 19.cxb5 Nxd5 20.Qe4 Nf6 21.Qf3 h5 22.Rhf1
Rac8 23.Bg5 Rc5 24.Be3 Rc7 25.Bd4 Bd8 26.Qg3 Ng4 27.Qxd6 Rce7 28.Qd5 Bb6
29.Qxh5 Nh6 30.Bxg7 {#r} 1-0